Marisa y los duendes (Registro nro. 12312)

Detalles MARC
000 -LIDER
fixed length control field 01011nam a22003017a 4500
001 - NÚMERO DE CONTROL
Identificador de número de control 0205684016
003 - IDENTIFICACDOR DE NÚMERO DE CONTROL
control field DO-SdBNP
005 - DATE AND TIME OF LATEST TRANSACTION
control field 20180216125747.0
007 - CAMPOS FIJOS DE DESCRIPCIÓN FÍSICA
fixed length control field 0205684016
008 - ELEMENTOS DE LONGITUD FIJA
fixed length control field 161206b 1997 sp a ||||| |||| 00| 0 spa d
020 ## - ISBN
International Standard Book Number 8424157885
040 ## - FUENTE DE CATALOGACIÓN
Agencia que crea de manera original el registro BPMSU
Idioma de catalogación spa
Agencia que realiza la transcripción BPMSU
100 1# - ASIENTO PRINCIPAL -- NOMBRE PERSONAL
Nombre personal Völter, Maria Luise
240 1# - TITULO UNIFORME
Título uniforme Marissa und die Heinzelmännchen.
Idioma de una obra Español
245 10 - MENCIÓN DE TITULO
Título Marisa y los duendes
Mención de responsabilidad adaptado por Maria Luise Völter ; ilustrado por Gennadij Spirin ; basado en un cuento de Maria Konopnicka.
250 ## - MENCIÓN DE EDICION
Mención de edición 2a ed.
260 ## - PUBLICACIÓN, DISTRIBUCIÓN, ETC. (PIE DE IMPRENTA)
Lugar de publicación, distribución, etc Madrid :
Nombre del editor, distribuidor, etc. Everest,
Fecha de publicación, distribución, etc 1997.
300 ## - DESCRIPCIÓN FÍSICA
Extensión 77 p. :
Otros detalles físicos il. ;
Dimensiones 27 cm.
490 1# - MENCIÓN DE SERIES
Mención de serie Cascanueces
500 ## - NOTA GENERAL
Nota general Traducción de: Marissa und die Heinzelmännchen.
700 1# - ASIENTO SECUNDARIO -- NOMBRE PERSONAL
Nombre personal Konopnicka, Maria
Mención de responsabilidad
Título de una obra Maraisa y los duendes
700 1# - ASIENTO SECUNDARIO -- NOMBRE PERSONAL
Nombre personal Spirin, Gennadij,
Fechas asociadas con el nombre 1948-
Mención de responsabilidad il.
700 1# - ASIENTO SECUNDARIO -- NOMBRE PERSONAL
Nombre personal Presa Pereira, Miguel,
Mención de responsabilidad tr.
830 #0 - ASIENTO SECUNDARIO DE SERIE--TÍTULO UNIFORME
Título uniforme Cascanueces.
942 ## - ADDED ENTRY ELEMENTS (KOHA)
Source of classification or shelving scheme Dewey Decimal Classification
Koha item type Libros
945 ## - INFORMACIÓN DE PROCESAMIENTO LOCAL
Información de procesamiento local Inventariado, 2018/MFF
956 ## - LOCAL ELECTRONIC LOCATION AND ACCESS (OCLC)
Método de acceso LOPEREZ
Materiales especificados 10
Enlace 20161206
Campo enlazado y núm. de secuencia BPMSU
Nombre de host 00041
Existencias
Withdrawn status Lost status Source of classification or shelving scheme Damaged status Not for loan Collection code Home library Current library Date acquired Source of acquisition Total Checkouts Barcode Date last seen Price effective from Koha item type
    Dewey Decimal Classification     Colección Infantil General Biblioteca Pública Metropolitana Salomé Ureña Biblioteca Pública Metropolitana Salomé Ureña 12/06/2016 Sin sellar   BPMSU16120158 12/06/2016 12/06/2016 Libros